000 00178nam a2200073Ia 4500
008 170524s9999 xx 000 0 und d
100 _aGHOSH- B
245 0 _aECONOMIC ENVIRONMENT OF BUSINESS
260 _bHIMALAYA
999 _c7937
_d7937